000 00831nas a2200277Ia 4500
001 db1-28665 [d000003387]
003 IT-MiCISF
008 161014c99999999xx |||||||||||| ||und||
040 _aIT-MiCISF
_cIT-MiCISF
041 _aFRANCESE
100 _aRoy David J.
210 _aRelations
222 _aRelations
240 _aL'éthique des derniers instants de la vie
245 0 _aL'éthique des derniers instants de la vie
250 _a1a ed.
260 _c1978
501 _bCISF - Centro Internazionale Studi Famiglia - Via Giotto, 36 20145 MILANO (non commercial uses only)
_cCopyright 2016
300 _app. 298-302
362 _a novembre [1978]
500 _a Tema: morte, bioetica, malato-terminale
650 _aMORTE
_varticolo
700 _aAA.VV.
942 _cCR
957 _71
999 _a28665
_bSi
_g1
_c221302
_d221302